000 00488nam a22001817a 4500
005 20140704103559.0
010 _aENG-109858
020 _c150.00
_a9789350450192
035 _aEN-93391
037 _bDBAD/PUB
082 _a881
100 _aQazi, Moin
245 0 0 _aA fistful of embers /
_cby Moin Qazi
260 _aCalcatta
_bWriters Workshop
_c2010
270 _a162/92 Lake Gardens
_bCalcutta
_e700045
300 _a123p.
_c22cm(Hb)
942 _2ddc
_cEN
_mQAZ
_h881
999 _c83998
_d83998